Представление документа в формате RUSMARC

ПолеНазваниеЗначение
  Тип записи a
  Библиографический уровень m
001 Контрольный номер RU/SLIB/B/208740034
005 Дата корректировки 20231101112415.4
010 Индекс ISBN __
d Цена 0-35
101 Язык документа 0_
a Язык текста rus
200 Заглавие и сведения об ответственности 1_
a Заглавие На краю периодической системы
b Общее обозначение материала Текст
210 Выходные данные 1_
a Место издания М.
c Издательство Химия
d Дата издания 1985
215 Физическое описание __
a Объем 220 с.
c Иллюстрации/тип воспроизводства ил.
330 Аннотация __
a Аннотация Живо и доступно, но на строго научной основе автор повествует о том, каким образом особые свойства самого фтора и его неорганических соединений определили их огромную роль в современном производстве. Для читателей, интересующихся проблемами неорганической химии, а также молодежи, определяющей свои профессиональные интересы.
606 Тематические рубрики __
a Основная рубрика Химия
606 Тематические рубрики __
a Основная рубрика Химические элементы и их соединения
610 Ключевые слова 0_
a Ключевые слова фтор; фторид
686 Индексы других классификаций __
a Классификационный индекс 24.127; ст24.1
700 Автор _1
a Фамилия Опаловский
b Имя А. А.
4 Код отношения 070
801 Источник записи _0
a Страна RU
b Организация Муниципальное бюджетное учреждение культуры "Централизованная библиотечная система" г. Сургут (Центральная городская библиотека им. А. С. Пушкина)
g Правила каталогизации КиК/Михайлова
801 Источник записи _1
a Страна RU
b Организация Муниципальное бюджетное учреждение культуры "Централизованная библиотечная система" г. Сургут (Центральная городская библиотека им. А. С. Пушкина)
g Правила каталогизации КиК/Михайлова
852 Данные о местонахождении __
j Шифр хранения 24.127
c Каталожный индекс 24.127
i Авторский знак О-60
p Инвентарный номер 27293
901 Тип документа __
t Тип документа m
990 Данные о заказе (DOS) __
j Количество экземпляров (DOS) 1